Swelling and electrical properties of rubber vulcanizates loaded with paraffin wax (Record no. 70095)

MARC details
000 -LEADER
fixed length control field 00523nam a2200181Ia 4500
100 ## - MAIN ENTRY--AUTHOR NAME
Personal name Abu-Abdeen M
245 #0 - TITLE STATEMENT
Title Swelling and electrical properties of rubber vulcanizates loaded with paraffin wax
260 ## - PUBLICATION, DISTRIBUTION, ETC. (IMPRINT)
Name of publisher Journal of Applied Polymer Science
Year of publication 2001
300 ## - PHYSICAL DESCRIPTION
Number of Pages 3169-3177
500 ## - GENERAL NOTE
General note Source Year: 2001
650 ## - SUBJECT ADDED ENTRY--TOPICAL TERM
Topical Term Paraffin wax
650 ## - SUBJECT ADDED ENTRY--TOPICAL TERM
Topical Term Rubber vulcanizates
650 ## - SUBJECT ADDED ENTRY--TOPICAL TERM
Topical Term Swelling
700 ## - ADDED ENTRY--PERSONAL NAME
Personal name Abdel Ghani S A
856 ## - ELECTRONIC LOCATION AND ACCESS
Uniform Resource Identifier RAPRA.38(12)
942 ## - ADDED ENTRY ELEMENTS (KOHA)
Koha item type Journals
Holdings
Withdrawn status Lost status Damaged status Not for loan Home library Current library Shelving location Date acquired Serial Enumeration / chronology Koha item type
      Journals RRII Library RRII Library Rubber chemistry 01/01/2021 Volume 82, Issue 13 Journals